[Event "AUT-ch U14 Girls"]
[Site "St Veit"]
[Date "2021.10.28"]
[Round "6.5"]
[White "Handrich, Carmina"]
[Black "Arnold, Katharina"]
[Result "0-1"]
[WhiteElo "879"]
[BlackElo "938"]
[PlyCount "78"]
[EventDate "2021.10.25"]
[EventType "swiss"]
[EventRounds "7"]
[EventCountry "AUT"]
[SourceTitle "EXT 2023"]
[Source "ChessBase"]
[SourceDate "2022.10.05"]
[SourceVersion "1"]
[SourceVersionDate "2022.10.05"]
[SourceQuality "1"]

1. e4 e5 2. Nf3 Nc6 3. Bc4 Nf6 4. Ng5 d5 5. exd5 Nxd5 6. Nxf7 Kxf7 7. Qf3+ Ke8 8. Bxd5 Qd7 9. c3 g6 10. 0-0 Bg7 11. d3 Rf8 12. Qe4 Qd6 13. Na3 Bf5 14. Nc4 Bxe4 15. Nxd6+ cxd6 16. dxe4 Kd7 17. b4 b5 18. Be3 h6 19. a4 a6 20. f3 g5 21. Rf2 Bf6 22. Rfa2 Rab8 23. axb5 axb5 24. Ra6 Rfc8 25. Ba7 Ra8 26. Bxc6+ Rxc6 27. Rxc6 Kxc6 28. Ra6+ Kd7 29. Ra5 Bd8 30. Ra6 h5 31. Kf2 Kc8 32. Rxd6 Rxa7 33. Rd5 Ra2+ 34. Kg3 Rc2 35. Rc5+ Kd7 36. Rxe5 Bc7 37. f4 Bxe5 38. fxe5 Rxc3+ 39. Kf2 Ke6 0-1